00381nam a2200133Ia 4500008004100000020004700041041000800088082001400096100002100110245002400131260005500155300002300210650001400233180314s9999 xx 000 0 und d a9780763786632 (alk. paper) | 9789380853499 aeng a572.8 TRO aTropp, Burton E. 0aMolecular biology : aJones & Bartlett Learning,bSudbury, Mass. :c2012 axxxviii, 1097 p. : achemistry